[Event "2BLN 2122 FC St. Pauli - SC Rotation Pa"]
[Site "?"]
[Date "2022.06.19"]
[Round "8.7"]
[White "Guth, Thomas"]
[Black "Krause, Jonah"]
[Result "0-1"]
[WhiteElo "2238"]
[BlackElo "2360"]
[PlyCount "84"]
[EventDate "2022.??.??"]

1. e4 c5 2. Nf3 e6 3. c3 Nf6 4. d3 d5 5. e5 Nfd7 6. d4 Nc6 7. Be2 f6 8. exf6
Qxf6 9. Bg5 Qf7 10. O-O Bd6 11. Bh4 O-O 12. Ng5 Qe8 13. Bd3 Nf6 14. Re1 h6 15.
Nf3 cxd4 16. cxd4 Nh5 17. Nc3 Qf7 18. a3 g5 19. Bg3 Nxg3 20. fxg3 Qg7 21. g4
Nxd4 22. Nb5 Nxf3+ 23. gxf3 Bc5+ 24. Kg2 Qxb2+ 25. Re2 Qf6 26. Rc2 b6 27. Nc3
Bd7 28. Qe2 Rac8 29. Ba6 Rc7 30. Rf1 Bd6 31. Nb5 Bxb5 32. Bxb5 Rxc2 33. Qxc2
Bxa3 34. Kh1 Bc5 35. Kg2 Kg7 36. Qa2 a5 37. Bd3 Qd4 38. Bb1 Qc4 39. Qd2 Rf6 40.
Rc1 Qf4 41. Qd1 Bd6 42. Qg1 Qxf3# 0-1

[Event "2BLN 2122 FC St. Pauli - SC Rotation Pa"]
[Site "?"]
[Date "2022.06.19"]
[Round "8.8"]
[White "Voigt, Martin"]
[Black "Bruchmann, Stephan"]
[Result "1/2-1/2"]
[WhiteElo "2293"]
[BlackElo "2217"]
[PlyCount "69"]
[EventDate "2022.??.??"]

1. e4 g6 2. d4 Bg7 3. Nc3 d5 4. e5 Nh6 5. f4 O-O 6. Nf3 f6 7. Be3 c6 8. Bd3 Bg4
9. O-O fxe5 10. fxe5 Nf5 11. Bxf5 Bxf5 12. Qd2 Na6 13. Ne2 Nc7 14. Bh6 Qd7 15.
Bxg7 Kxg7 16. h3 Ne6 17. c3 Be4 18. Nh2 Rxf1+ 19. Rxf1 Rf8 20. Rxf8 Nxf8 21.
Ng4 Bf5 22. Nf2 Bb1 23. b4 Qf5 24. a3 Ne6 25. Qe3 g5 26. Qg3 Nf4 27. Nxf4 Qxf4
28. Qxf4 gxf4 29. Kh2 Kg6 30. g3 fxg3+ 31. Kxg3 Kf5 32. Kf3 Bc2 33. Kg3 Bb1 34.
Kf3 Bc2 35. Kg3 1/2-1/2

[Event "2BLN 2122 FC St. Pauli - SK Norderstedt"]
[Site "?"]
[Date "2022.07.02"]
[Round "9.1"]
[White "Barski, Radoslaw"]
[Black "Feuerstack, Aljoscha"]
[Result "0-1"]
[WhiteElo "2437"]
[BlackElo "2484"]
[PlyCount "80"]
[EventDate "2022.??.??"]

1. e4 e5 2. Nf3 Nf6 3. Nxe5 d6 4. Nf3 Nxe4 5. c4 Be7 6. d4 O-O 7. Bd3 Nf6 8. h3
Nc6 9. Nc3 d5 10. cxd5 Nb4 11. Bb1 Nbxd5 12. O-O Re8 13. Bg5 h6 14. Bh4 Be6 15.
Re1 c5 16. a3 Qa5 17. Qc2 Kf8 18. Ba2 Nxc3 19. Bxe6 fxe6 20. bxc3 cxd4 21. Nxd4
Qh5 22. Bg3 Kg8 23. Nxe6 Bf8 24. Nc7 Rxe1+ 25. Rxe1 Rd8 26. Qb3+ Qf7 27. Qxb7
Nh5 28. Be5 Bc5 29. Rf1 Re8 30. Qe4 Ng3 31. Qe1 Re7 32. Bxg3 Rxe1 33. Rxe1 Bxa3
34. Ne6 a5 35. f4 a4 36. Re2 Bd6 37. Bf2 a3 38. Bd4 Qf5 39. Re1 a2 40. c4 Bb4
0-1

[Event "2BLN 2122 FC St. Pauli - SK Norderstedt"]
[Site "?"]
[Date "2022.07.02"]
[Round "9.2"]
[White "Krause, Benedict"]
[Black "Ostrovskiy, Andrey"]
[Result "1/2-1/2"]
[WhiteElo "2420"]
[BlackElo "2412"]
[PlyCount "55"]
[EventDate "2022.??.??"]

1. e4 e5 2. Nf3 Nc6 3. Bc4 Bc5 4. O-O Nf6 5. d3 d6 6. c3 a6 7. Bb3 h6 8. Nbd2
O-O 9. h3 Be6 10. Re1 Re8 11. Bxe6 Rxe6 12. b4 Ba7 13. Qc2 Qd7 14. Nf1 Rd8 15.
a4 Ne7 16. Be3 Bxe3 17. Nxe3 Ng6 18. Rad1 Ree8 19. Nf5 d5 20. c4 d4 21. g3 Nf8
22. a5 Kh7 23. Qd2 Ng8 24. Kg2 g6 25. N5h4 Qe7 26. Rb1 Nd7 27. Nh2 Kg7 28. Rf1
1/2-1/2

[Event "2BLN 2122 FC St. Pauli - SK Norderstedt"]
[Site "?"]
[Date "2022.07.02"]
[Round "9.3"]
[White "Kopylov, Michael"]
[Black "Sawatzki, Frank"]
[Result "1-0"]
[WhiteElo "2372"]
[BlackElo "2377"]
[PlyCount "123"]
[EventDate "2022.??.??"]

1. d4 d5 2. c4 c6 3. Nf3 Nf6 4. Qc2 dxc4 5. Qxc4 Bg4 6. Nbd2 Nbd7 7. g3 e6 8.
Bg2 Be7 9. O-O O-O 10. Ne5 Bh5 11. Nxd7 Qxd7 12. Nb3 Rfd8 13. Bg5 Rac8 14. e3
b6 15. Rac1 c5 16. dxc5 bxc5 17. Bxf6 gxf6 18. Na5 Qd2 19. Qc3 Qxc3 20. Rxc3
Rd2 21. Nc4 Rd7 22. Rfc1 Rcd8 23. Bc6 Rd1+ 24. Rxd1 Rxd1+ 25. Kg2 Be2 26. Ba4
Ra1 27. Bb3 Bxc4 28. Bxc4 Rd1 29. Ra3 Rd7 30. Ra6 Rc7 31. g4 Kf8 32. f4 h6 33.
Kf3 Rd7 34. h3 Bd6 35. b3 Ke7 36. Ke4 Bb8 37. Ra5 Bd6 38. h4 Rc7 39. Ra6 Rb7
40. f5 Rc7 41. a4 Rb7 42. h5 Rd7 43. Bb5 exf5+ 44. Kd5 Rd8 45. Rxa7+ Kf8 46.
gxf5 Bb8+ 47. Rd7 Rxd7+ 48. Bxd7 Ke7 49. Bb5 Kd8 50. e4 Kc7 51. Kxc5 Ba7+ 52.
Kc4 Kd6 53. b4 Bf2 54. a5 Be3 55. Be8 Ke7 56. Bc6 Bf2 57. Bd5 Be3 58. Kb5 Kd6
59. Bxf7 Bd2 60. Bd5 Be1 61. Kb6 Bxb4 62. a6 1-0

[Event "2BLN 2122 FC St. Pauli - SK Norderstedt"]
[Site "?"]
[Date "2022.07.02"]
[Round "9.4"]
[White "Krause, Jonah"]
[Black "Sislian, Hanno"]
[Result "1-0"]
[WhiteElo "2360"]
[BlackElo "2252"]
[PlyCount "75"]
[EventDate "2022.??.??"]

1. d4 Nf6 2. c4 g6 3. Nc3 d5 4. Nf3 Bg7 5. Qb3 dxc4 6. Qxc4 O-O 7. e4 Nc6 8.
Be2 e5 9. d5 Nd4 10. Nxd4 exd4 11. Qxd4 c6 12. Qc4 b5 13. Qxc6 Bd7 14. Qd6 Re8
15. e5 Nh5 16. e6 fxe6 17. O-O Bf8 18. Qa6 b4 19. dxe6 Bxe6 20. Ne4 Qc8 21.
Qxc8 Rexc8 22. g4 Ng7 23. Bf3 Rab8 24. Be3 a5 25. b3 Kh8 26. Rfc1 Be7 27. Kg2
Ne8 28. Nc5 Bxc5 29. Bxc5 Kg8 30. Ba7 Rb5 31. Rxc8 Bxc8 32. Rc1 Bb7 33. Rc5 Nd6
34. Bxb7 Rxc5 35. Bxc5 Nxb7 36. Bb6 Kf7 37. Kf3 Ke6 38. Ke4 1-0

[Event "2BLN 2122 FC St. Pauli - SK Norderstedt"]
[Site "?"]
[Date "2022.07.02"]
[Round "9.5"]
[White "Michna, Christian"]
[Black "Voigt, Martin"]
[Result "0-1"]
[WhiteElo "2202"]
[BlackElo "2293"]
[PlyCount "104"]
[EventDate "2022.??.??"]

1. d4 d5 2. Nc3 Nf6 3. Bf4 c5 4. e3 cxd4 5. exd4 a6 6. Nf3 Nc6 7. Ne5 Bf5 8. g4
Nxe5 9. dxe5 Bxg4 10. Qd4 Nd7 11. Qxd5 Qb6 12. Qb3 Qxb3 13. axb3 g5 14. Bg3 Bf3
15. Rg1 Bg7 16. Nb5 Rc8 17. Nd4 Be4 18. O-O-O Nxe5 19. Re1 Nd3+ 20. Bxd3 Bxd3
21. Be5 Bxe5 22. Rxe5 f6 23. Re6 Kf7 24. Rge1 Rhd8 25. Rxe7+ Kg6 26. Kb1 Rxd4
27. cxd3 Rxd3 28. f4 gxf4 29. Rg1+ Kf5 30. Rxh7 Rd2 31. Rh5+ Ke4 32. Re1+ Kf3
33. Rf5 Rcc2 34. Ka2 Rxh2 35. Rxf6 Rxb2+ 36. Ka3 Rbe2 37. Rc1 Re4 38. Rc7 b5
39. Rb7 b4+ 40. Rxb4 Rxb4 41. Kxb4 Ra2 42. Kc4 Ke3 43. Re6+ Kf2 44. Rh6 Ra1 45.
Kd3 f3 46. Kd2 Ra5 47. b4 Ra3 48. Rh2+ Kg3 49. Rh6 f2 50. Rg6+ Kf3 51. Rf6+ Kg2
52. Rg6+ Rg3 0-1

[Event "2BLN 2122 FC St. Pauli - SK Norderstedt"]
[Site "?"]
[Date "2022.07.02"]
[Round "9.6"]
[White "Mueller, Fabian"]
[Black "Fernschild, Daniel"]
[Result "0-1"]
[WhiteElo "2337"]
[BlackElo "1990"]
[PlyCount "115"]
[EventDate "2022.??.??"]

1. d4 e6 2. c4 Nf6 3. Nf3 b6 4. g3 Bb7 5. Bg2 d5 6. cxd5 exd5 7. Nc3 Be7 8. O-O
O-O 9. Ne5 Nbd7 10. Qa4 Nxe5 11. dxe5 Ne8 12. Rd1 c6 13. e4 b5 14. Nxb5 cxb5
15. Qxb5 Rb8 16. exd5 Nc7 17. Qc4 Ba6 18. Qc2 Bb4 19. Be3 Ba5 20. Bc5 Bb6 21.
Bxf8 Qxf8 22. Rac1 Qe8 23. Qe4 Bb7 24. Qf4 Rd8 25. d6 Ne6 26. Qb4 Qd7 27. Qg4
Bxg2 28. Kxg2 Qb5 29. Qe4 Qxb2 30. Rc2 Qa3 31. Rdc1 Qa6 32. Qc4 Qa5 33. Qe4 Qa6
34. Qd5 g6 35. h4 h5 36. Rc6 Kg7 37. R1c2 Kf8 38. R6c4 Kg7 39. a4 Kf8 40. R2c3
Kg7 41. Rf3 Rd7 42. Rb3 Qa5 43. Qxa5 Bxa5 44. Rb8 Rd8 45. Rb5 Bb6 46. a5 Bd4
47. f4 Be3 48. Rb7 Bc5 49. Re7 Be3 50. Kf3 Bg1 51. Rb7 Bc5 52. Re7 Bg1 53. Rc1
Bd4 54. Rb1 Ra8 55. Rbb7 Nd8 56. Re8 Nxb7 57. Rxa8 Nxa5 58. d7 0-1

[Event "2BLN 2122 FC St. Pauli - SK Norderstedt"]
[Site "?"]
[Date "2022.07.02"]
[Round "9.7"]
[White "Eichstaedt, Enrico"]
[Black "Stenner, Patrick"]
[Result "0-1"]
[WhiteElo "1923"]
[BlackElo "2261"]
[PlyCount "80"]
[EventDate "2022.??.??"]

1. e4 c6 2. d4 d5 3. exd5 cxd5 4. c4 Nf6 5. Nc3 g6 6. cxd5 Nxd5 7. Bc4 Nb6 8.
Bb3 Bg7 9. Nge2 O-O 10. O-O Nc6 11. Be3 Na5 12. d5 Nac4 13. Bxb6 Nxb6 14. Re1
Bd7 15. Nd4 Nc8 16. Qd3 Nd6 17. Na4 Rc8 18. Rac1 Qa5 19. Nc3 Rfe8 20. Ne4 Rxc1
21. Rxc1 Qb4 22. Nxd6 exd6 23. Nf3 Bxb2 24. Rc4 Qa5 25. Re4 Rc8 26. Rc4 Re8 27.
Re4 Qc3 28. Qxc3 Bxc3 29. Rxe8+ Bxe8 30. Bc4 h6 31. Kf1 Kf8 32. Ke2 b5 33. Bb3
Ke7 34. h3 Kd7 35. Nh2 Kc7 36. Ng4 Bg7 37. Kd3 Kb6 38. Ne3 Kc5 39. Nc2 Bd7 40.
g4 a5 0-1

[Event "2BLN 2122 FC St. Pauli - SK Norderstedt"]
[Site "?"]
[Date "2022.07.02"]
[Round "9.8"]
[White "Priebe, Jan"]
[Black "Freter, Anke"]
[Result "1-0"]
[WhiteElo "2193"]
[BlackElo "1856"]
[PlyCount "91"]
[EventDate "2022.??.??"]

1. e4 c5 2. Nf3 Nc6 3. d4 cxd4 4. Nxd4 Nf6 5. Nc3 d6 6. Bc4 e5 7. Nf5 Bxf5 8.
exf5 a6 9. Be3 b5 10. Bb3 Rc8 11. g4 h5 12. g5 Ng4 13. Qd5 Qd7 14. Qe4 Nxe3 15.
fxe3 Na5 16. O-O-O Nc4 17. Nd5 Qc6 18. Rd3 Be7 19. h4 Bd8 20. Rhd1 a5 21. Nc3
Bb6 22. Qxc6+ Rxc6 23. Nxb5 Bxe3+ 24. Kb1 e4 25. Rd5 O-O 26. Bxc4 Rxc4 27. Nxd6
Rc6 28. Nxe4 Rc4 29. Re5 Bf4 30. Re7 Rfc8 31. c3 a4 32. Rdd7 Rf8 33. g6 Bh6 34.
Nd6 Rxh4 35. gxf7+ Kh7 36. Re8 Rh1+ 37. Kc2 Rc1+ 38. Kd3 Rd1+ 39. Kc4 Rxd6 40.
Rxd6 Rxf7 41. Rd5 Rb7 42. Rdd8 g5 43. Rh8+ Kg7 44. Rdg8+ Kf7 45. Rg6 Bf8 46.
Rh7+ 1-0

[Event "2BLN 2122 SV Werder Bremen II - Hamburg"]
[Site "?"]
[Date "2022.07.02"]
[Round "9.1"]
[White "Kramer, Julian"]
[Black "Fish, Gennadij"]
[Result "1/2-1/2"]
[WhiteElo "2466"]
[BlackElo "2452"]
[PlyCount "68"]
[EventDate "2022.??.??"]

1. e4 c5 2. Nf3 e6 3. d4 cxd4 4. Nxd4 a6 5. c4 Nf6 6. Nc3 d6 7. Be2 Be7 8. O-O
O-O 9. Be3 Qc7 10. Rc1 b6 11. f3 Bb7 12. g4 Qd8 13. g5 Nfd7 14. Qd2 Nc6 15. Nc2
f6 16. h4 fxg5 17. hxg5 Nde5 18. f4 Ng6 19. Bg4 e5 20. f5 Nf4 21. g6 hxg6 22.
Nd5 gxf5 23. Bxf5 Bg5 24. Nxf4 exf4 25. Be6+ Kh8 26. Qh2+ Bh6 27. Rxf4 Rxf4 28.
Bxf4 Qf6 29. Bf5 Nd4 30. Nxd4 Qxd4+ 31. Kf1 Qd3+ 32. Kg1 Qd4+ 33. Kf1 Qd3+ 34.
Kg1 Qd4+ 1/2-1/2

[Event "2BLN 2122 SV Werder Bremen II - Hamburg"]
[Site "?"]
[Date "2022.07.02"]
[Round "9.2"]
[White "Carlstedt, Jonathan"]
[Black "Souleidis, Georgios"]
[Result "0-1"]
[WhiteElo "2431"]
[BlackElo "2428"]
[PlyCount "82"]
[EventDate "2022.??.??"]

1. d4 Nf6 2. c4 g6 3. Nc3 Bg7 4. e4 d6 5. f4 c5 6. d5 O-O 7. Nf3 e6 8. Be2 exd5
9. cxd5 Bg4 10. O-O Nbd7 11. h3 Bxf3 12. Bxf3 a6 13. a4 Rb8 14. Re1 Re8 15. g4
h6 16. Bd2 Nh7 17. Kg2 b5 18. axb5 axb5 19. Ra6 b4 20. Na4 Nb6 21. Nxb6 Rxb6
22. Rxb6 Qxb6 23. Qa4 Qd8 24. e5 dxe5 25. Qc6 e4 26. Rxe4 Rxe4 27. Bxe4 Bd4 28.
Bf3 Qh4 29. Qe8+ Nf8 30. Qe2 Bxb2 31. g5 Bd4 32. Bg4 hxg5 33. Be1 Qh6 34. d6
gxf4 35. Qe7 b3 36. Bd1 b2 37. Bb3 f3+ 38. Kg3 Be5+ 39. Qxe5 b1=Q 40. d7 Nxd7
41. Qe8+ Kh7 0-1

[Event "2BLN 2122 SV Werder Bremen II - Hamburg"]
[Site "?"]
[Date "2022.07.02"]
[Round "9.3"]
[White "Bracker, Frank"]
[Black "Meins, Gerlef"]
[Result "0-1"]
[WhiteElo "2368"]
[BlackElo "2422"]
[PlyCount "52"]
[EventDate "2022.??.??"]

1. c4 Nf6 2. Nf3 c5 3. g3 Nc6 4. Bg2 d6 5. O-O g6 6. b3 Bg7 7. Bb2 O-O 8. d4
cxd4 9. Nxd4 Bd7 10. Nc3 a6 11. e3 Rb8 12. Re1 Qa5 13. Rc1 Rfc8 14. Qe2 e6 15.
Red1 Nxd4 16. Rxd4 Ne8 17. Rd3 b5 18. cxb5 axb5 19. Qd2 b4 20. Na4 Bb5 21. Bxg7
Bxd3 22. Bb2 Rxc1+ 23. Bxc1 Qc7 24. Bf1 Bxf1 25. Kxf1 Qc6 26. Bb2 Qe4 0-1

[Event "2BLN 2122 SV Werder Bremen II - Hamburg"]
[Site "?"]
[Date "2022.07.02"]
[Round "9.4"]
[White "Joachim, Sven"]
[Black "Colpe, Malte"]
[Result "1/2-1/2"]
[WhiteElo "2404"]
[BlackElo "2367"]
[PlyCount "40"]
[EventDate "2022.??.??"]

1. Nf3 d5 2. e3 Nf6 3. c4 e6 4. b3 Bd6 5. Bb2 O-O 6. Nc3 Re8 7. d4 b6 8. Bd3
Bb7 9. O-O Nbd7 10. Qe2 e5 11. dxe5 Nxe5 12. Nxd5 Nxd5 13. Bxe5 Rxe5 14. Nxe5
Bxe5 15. Rad1 Bxh2+ 16. Kxh2 Qh4+ 17. Kg1 Nc3 18. Qc2 Bxg2 19. Kxg2 Qg4+ 20.
Kh2 Qh4+ 1/2-1/2

[Event "2BLN 2122 SV Werder Bremen II - Hamburg"]
[Site "?"]
[Date "2022.07.02"]
[Round "9.5"]
[White "Woelk, Tom-Frederic"]
[Black "Breutigam, Martin"]
[Result "1/2-1/2"]
[WhiteElo "2306"]
[BlackElo "2378"]
[PlyCount "62"]
[EventDate "2022.??.??"]

1. d4 d5 2. c4 e6 3. Nc3 c5 4. cxd5 exd5 5. dxc5 d4 6. Na4 b5 7. cxb6 axb6 8.
b3 b5 9. Nb2 Nf6 10. Nf3 Nc6 11. e3 Bb4+ 12. Bd2 Bxd2+ 13. Nxd2 dxe3 14. fxe3
Qb6 15. Bd3 O-O 16. O-O Qxe3+ 17. Kh1 Qd4 18. Qc1 Ne5 19. Nf3 Nxf3 20. Rxf3 Bg4
21. Rf4 Qe5 22. Rf2 Be6 23. Qf4 Qxf4 24. Rxf4 Bxb3 25. a3 Rfb8 26. Rb4 Ba4 27.
Nxa4 bxa4 28. Bb5 Kf8 29. Bc6 Rxb4 30. axb4 Rb8 31. Rxa4 Ke7 1/2-1/2

[Event "2BLN 2122 SV Werder Bremen II - Hamburg"]
[Site "?"]
[Date "2022.07.02"]
[Round "9.6"]
[White "Richter, Christian"]
[Black "Hommer, Jeremy"]
[Result "1-0"]
[WhiteElo "2355"]
[BlackElo "2123"]
[PlyCount "128"]
[EventDate "2022.??.??"]

1. d4 e6 2. Nf3 Nf6 3. c4 b6 4. g3 Bb7 5. Bg2 Be7 6. Nc3 Ne4 7. Bd2 O-O 8. Qc2
Nxd2 9. Qxd2 Bb4 10. O-O Bxc3 11. Qxc3 d6 12. Rfd1 Nd7 13. d5 e5 14. b4 a5 15.
a3 Qe7 16. Nd2 f5 17. Nb3 a4 18. Nd2 g5 19. e4 f4 20. Bh3 Nf6 21. Be6+ Kh8 22.
gxf4 gxf4 23. Kh1 Bc8 24. Bxc8 Raxc8 25. Qh3 Rg8 26. Rg1 Rcf8 27. Rxg8+ Rxg8
28. Rg1 Rxg1+ 29. Kxg1 Qg7+ 30. Kf1 h6 31. Qf5 Nh7 32. Nf3 Ng5 33. Nd2 Kg8 34.
Ke2 Nf7 35. Qc8+ Kh7 36. Qe6 Ng5 37. Qf5+ Kg8 38. Qc8+ Kh7 39. Qf5+ Kg8 40. Kf1
Kh8 41. Qc8+ Kh7 42. h4 Nf7 43. Qxc7 Qg6 44. Qd7 Kg7 45. f3 h5 46. Qh3 Qf6 47.
Nb1 Nh8 48. Nc3 Ng6 49. Nb5 Kh6 50. Ke2 Qe7 51. Kd3 Qd8 52. c5 bxc5 53. bxc5
Qa5 54. Kc4 dxc5 55. Kxc5 Kg7 56. Qd7+ Kg8 57. Qe6+ Kg7 58. d6 Qd8 59. Nc7 Qxh4
60. d7 Qd8 61. Qd6 Nf8 62. Qxe5+ Kg8 63. Qd5+ Kg7 64. Ne8+ Qxe8 1-0

[Event "2BLN 2122 SV Werder Bremen II - Hamburg"]
[Site "?"]
[Date "2022.07.02"]
[Round "9.7"]
[White "Peyrer, Konstantin"]
[Black "Ewert, Hannes"]
[Result "1-0"]
[WhiteElo "2406"]
[BlackElo "2300"]
[PlyCount "53"]
[EventDate "2022.??.??"]

1. d4 Nf6 2. c4 e6 3. Nf3 b6 4. a3 Bb7 5. Nc3 d5 6. Qc2 Be7 7. cxd5 exd5 8. Bf4
O-O 9. h3 c5 10. e3 Nc6 11. Bd3 c4 12. Be2 a6 13. O-O Re8 14. Rad1 b5 15. Bg3
Bd6 16. Bh4 Nb8 17. Ne5 Bxe5 18. dxe5 Rxe5 19. Bf3 Qb6 20. Bxf6 Qxf6 21. Nxd5
Bxd5 22. Bxd5 Ra7 23. b3 Rc7 24. bxc4 bxc4 25. Bxc4 Rec5 26. Rd4 Nc6 27. Bxf7+
1-0

[Event "2BLN 2122 SV Werder Bremen II - Hamburg"]
[Site "?"]
[Date "2022.07.02"]
[Round "9.8"]
[White "Bach, Matthias"]
[Black "Bracker, Arne"]
[Result "0-1"]
[WhiteElo "2231"]
[BlackElo "2273"]
[PlyCount "80"]
[EventDate "2022.??.??"]

1. b4 e5 2. Bb2 Bxb4 3. Bxe5 Nf6 4. Nf3 d5 5. e3 Nc6 6. Bb2 Bg4 7. Be2 Qd6 8.
O-O O-O-O 9. a4 h5 10. Na3 Kb8 11. Nb5 Qe7 12. Rb1 Bc8 13. Nfd4 Nxd4 14. Bxd4
Bc5 15. Qc1 c6 16. Bxc5 Qxc5 17. Nd4 Ka8 18. Rb3 Rhe8 19. Qb2 Ne4 20. Rd1 Qd6
21. Qa3 Qxa3 22. Rxa3 g6 23. a5 c5 24. Nb3 c4 25. Nd4 Nc5 26. h3 Ne6 27. Nb5
Re7 28. d4 Nc7 29. Nc3 Bd7 30. Rb1 Bc6 31. Ra2 f5 32. Bf3 h4 33. Kh2 g5 34.
Raa1 Rg8 35. Re1 g4 36. hxg4 fxg4 37. Bd1 g3+ 38. Kg1 h3 39. Bf3 Rf7 40. Ne2
gxf2+ 0-1

[Event "2BLN 2122 SK Zehlendorf - SC Rotation P"]
[Site "?"]
[Date "2022.07.02"]
[Round "9.1"]
[White "Szelag, Marcin"]
[Black "Sawlin, Leonid"]
[Result "0-1"]
[WhiteElo "2427"]
[BlackElo "2391"]
[PlyCount "126"]
[EventDate "2022.??.??"]

1. e4 e6 2. d4 d5 3. Nc3 Nf6 4. e5 Nfd7 5. f4 c5 6. Nf3 Nc6 7. Be3 a6 8. Qd2 b5
9. a3 Qb6 10. Be2 Ra7 11. Rd1 Rc7 12. O-O Be7 13. Kh1 O-O 14. f5 b4 15. dxc5
Bxc5 16. Bxc5 Qxc5 17. f6 Ncxe5 18. Qg5 Ng6 19. axb4 Qxb4 20. Rd4 Qxb2 21. fxg7
Kxg7 22. Rh4 Rh8 23. Ne5 Ndxe5 24. Qf6+ Kg8 25. Qd8+ Kg7 26. Qf6+ Kg8 27. Qd8+
Kg7 28. Qxc7 Bd7 29. Rg4 Nxg4 30. Bxg4 Rf8 31. Qxd7 Qxc3 32. Bxe6 Qxc2 33. Bxd5
Qe2 34. Rxf7+ Rxf7 35. Qxf7+ Kh6 36. h3 a5 37. g3 a4 38. h4 a3 39. Kg1 Qe7 40.
Qf2 Qe5 41. Qd2+ Kg7 42. Qd3 Ne7 43. Bb3 Nf5 44. Kg2 Nd4 45. Bc4 Qe2+ 46. Qxe2
Nxe2 47. Kf3 Nc3 48. Kf4 a2 49. Bxa2 Nxa2 50. Kf5 Nc3 51. g4 Nd5 52. h5 Nf6 53.
Kg5 h6+ 54. Kf5 Nh7 55. Ke6 Kf8 56. Kf5 Kf7 57. Ke5 Ng5 58. Kf5 Ne6 59. Ke5 Ng7
60. g5 hxg5 61. h6 Ne6 62. Kf5 Kg8 63. Kg4 Kh8 0-1

[Event "2BLN 2122 SK Zehlendorf - SC Rotation P"]
[Site "?"]
[Date "2022.07.02"]
[Round "9.2"]
[White "Lagunow, Raphael"]
[Black "Dauth, Benjamin"]
[Result "1-0"]
[WhiteElo "2401"]
[BlackElo "2234"]
[PlyCount "69"]
[EventDate "2022.??.??"]

1. e4 e5 2. Nf3 Nc6 3. Bc4 Nf6 4. Ng5 d5 5. exd5 Nd4 6. c3 Nf5 7. O-O Bd6 8. d3
Ne7 9. Qb3 a6 10. a4 Ng6 11. Ne4 Nh5 12. d4 exd4 13. Nxd6+ Qxd6 14. Re1+ Kd8
15. Qd1 Nf6 16. Qxd4 Ng4 17. g3 N4e5 18. Be2 Bf5 19. Be3 h5 20. Nd2 h4 21. Ne4
Bxe4 22. Qxe4 hxg3 23. hxg3 Qd7 24. Qg2 Qf5 25. g4 Qc2 26. Rac1 Qxa4 27. c4 b5
28. d6 Kd7 29. Qb7 bxc4 30. Qxc7+ Ke6 31. Bxc4+ Kf6 32. Bd4 Rae8 33. Qxf7+ Kg5
34. Qf5+ Kh4 35. Bxe5 1-0

[Event "2BLN 2122 SK Zehlendorf - SC Rotation P"]
[Site "?"]
[Date "2022.07.02"]
[Round "9.3"]
[White "Neumeier, Lars"]
[Black "Baskin, Robert"]
[Result "1/2-1/2"]
[WhiteElo "2308"]
[BlackElo "2401"]
[PlyCount "75"]
[EventDate "2022.??.??"]

1. d4 Nf6 2. Nf3 g6 3. c4 Bg7 4. Nc3 d5 5. cxd5 Nxd5 6. e4 Nxc3 7. bxc3 c5 8.
Be3 Qa5 9. Qd2 Nc6 10. Rc1 cxd4 11. cxd4 Qxd2+ 12. Kxd2 O-O 13. d5 Rd8 14. Kc2
Na5 15. Be2 e6 16. dxe6 Bxe6 17. Kb1 Rac8 18. Rxc8 Rxc8 19. Rc1 Nc4 20. Bxc4
Bxc4 21. Rd1 h6 22. Bd4 Re8 23. Bxg7 Kxg7 24. e5 g5 25. Rd7 Bf1 26. g3 Bg2 27.
Nd4 Rxe5 28. f3 a5 29. Kc2 h5 30. Kd2 g4 31. f4 Rd5 32. Rxd5 Bxd5 33. a3 Kf6
34. Kc3 Kg6 35. Nb5 Bc6 36. Nd4 Bd5 37. Nb5 Bc6 38. Nd4 1/2-1/2

[Event "2BLN 2122 SK Zehlendorf - SC Rotation P"]
[Site "?"]
[Date "2022.07.02"]
[Round "9.4"]
[White "Meister, Jakob"]
[Black "Mueller, Michael"]
[Result "1/2-1/2"]
[WhiteElo "2415"]
[BlackElo "2243"]
[PlyCount "35"]
[EventDate "2022.??.??"]

1. e4 e6 2. d4 d5 3. Nc3 Nc6 4. Nf3 Nf6 5. Bg5 Be7 6. exd5 Nxd5 7. Bxe7 Qxe7 8.
Qd2 O-O 9. O-O-O b6 10. Bb5 Ncb4 11. Nxd5 Nxd5 12. Bc6 Rb8 13. Bxd5 exd5 14.
Qf4 Be6 15. Rhe1 Rbd8 16. Re3 Qd6 17. Qh4 Bf5 18. Qe7 1/2-1/2

[Event "2BLN 2122 SK Zehlendorf - SC Rotation P"]
[Site "?"]
[Date "2022.07.02"]
[Round "9.5"]
[White "Guth, Thomas"]
[Black "Lagunow, Alexander"]
[Result "1/2-1/2"]
[WhiteElo "2238"]
[BlackElo "2372"]
[PlyCount "95"]
[EventDate "2022.??.??"]

1. e4 c5 2. Nf3 d6 3. d4 cxd4 4. Nxd4 Nf6 5. Nc3 a6 6. Bg5 Nbd7 7. f4 Qb6 8.
Nb3 h6 9. Bxf6 Nxf6 10. Qd4 Qxd4 11. Nxd4 e5 12. Nde2 b5 13. a4 b4 14. Nd5 Nxd5
15. exd5 Bf5 16. c3 bxc3 17. bxc3 Be7 18. Ng3 Bc2 19. fxe5 dxe5 20. Kd2 Bb3 21.
Re1 f6 22. Nf5 Bxd5 23. Nxg7+ Kf7 24. Nf5 Rhb8 25. Nxe7 Kxe7 26. Rc1 Rb2+ 27.
Rc2 Rb1 28. Rc1 Rb2+ 29. Rc2 Rb1 30. Rc1 Rxc1 31. Kxc1 Be4 32. Kd2 Rd8+ 33. Ke3
f5 34. Bxa6 Bxg2 35. Re1 Kf6 36. Bb5 f4+ 37. Kf2 Ba8 38. c4 e4 39. c5 e3+ 40.
Kf1 Rd2 41. c6 Rf2+ 42. Kg1 Rc2 43. a5 Rb2 44. Ba4 Ra2 45. c7 Rg2+ 46. Kf1 Rf2+
47. Kg1 Rg2+ 48. Kf1 1/2-1/2

[Event "2BLN 2122 SK Zehlendorf - SC Rotation P"]
[Site "?"]
[Date "2022.07.02"]
[Round "9.6"]
[White "Brustkern, Juergen"]
[Black "Bruchmann, Stephan"]
[Result "1/2-1/2"]
[WhiteElo "2177"]
[BlackElo "2217"]
[PlyCount "25"]
[EventDate "2022.??.??"]

1. f4 d5 2. Nf3 g6 3. e3 Bg7 4. Be2 Nh6 5. O-O O-O 6. d3 c6 7. Nc3 Nf5 8. e4
Qb6+ 9. Kh1 dxe4 10. dxe4 Ne3 11. Na4 Nxd1 12. Nxb6 axb6 13. Rxd1 {(=)} 1/2-1/2

[Event "2BLN 2122 SK Zehlendorf - SC Rotation P"]
[Site "?"]
[Date "2022.07.02"]
[Round "9.7"]
[White "Boetzer, Detlef"]
[Black "Nguyen Luu, Truong-Son"]
[Result "1-0"]
[WhiteElo "2205"]
[BlackElo "2133"]
[PlyCount "79"]
[EventDate "2022.??.??"]

1. d4 Nf6 2. Bg5 d5 3. Bxf6 gxf6 4. e3 Bf5 5. c4 e6 6. Nc3 c6 7. Bd3 Bg6 8.
Nge2 Bd6 9. Rc1 a5 10. O-O f5 11. cxd5 exd5 12. Nf4 Nd7 13. Qb3 Ra7 14. Nce2 a4
15. Qd1 Kf8 16. Bc2 a3 17. b3 Qh4 18. Qd2 Ra8 19. Bd3 Rg8 20. b4 Nf6 21. f3 Re8
22. g3 Qh6 23. b5 cxb5 24. Bxb5 Rd8 25. Bd3 Kg7 26. Rb1 Rd7 27. Rfc1 Kh8 28.
Rb6 Qg7 29. Bb5 Rdd8 30. Rxb7 Bb8 31. Ne6 Qh6 32. Nxd8 Rxd8 33. Nf4 Ne8 34.
Bxe8 Rxe8 35. Nxd5 Bh5 36. Kg2 Qd6 37. Nf4 Qa6 38. Rxb8 Bxf3+ 39. Kxf3 Rxb8 40.
Nd3 1-0

[Event "2BLN 2122 SK Zehlendorf - SC Rotation P"]
[Site "?"]
[Date "2022.07.02"]
[Round "9.8"]
[White "Morczynski, Joachim"]
[Black "Lisek, Juergen"]
[Result "0-1"]
[WhiteElo "1763"]
[BlackElo "2195"]
[PlyCount "72"]
[EventDate "2022.??.??"]

1. e4 c5 2. d4 cxd4 3. c3 d3 4. Bxd3 Nc6 5. Nf3 g6 6. c4 Bg7 7. Nc3 Nf6 8. O-O
O-O 9. Re1 d6 10. Bf4 b6 11. Qd2 Bb7 12. Rad1 Ng4 13. Bb1 Nge5 14. Nxe5 dxe5
15. Qc1 Qc8 16. Bh6 Nd4 17. Nd5 Qd7 18. Bxg7 Kxg7 19. f4 Qd6 20. Qe3 f6 21.
fxe5 fxe5 22. Qg5 Rf7 23. Rxd4 exd4 24. e5 Qc5 25. e6 d3+ 26. Kh1 Rf6 27. Bxd3
Re8 28. b4 Qf2 29. Rc1 Bxd5 30. cxd5 Qd4 31. Qg3 Qxd5 32. Qc7 Rxe6 33. Bc4 Qd2
34. Rf1 Re1 35. Qxa7 Rf8 36. Qa6 Qf2 0-1

[Event "2BLN 2122 SG AE Magdeburg - SF Berlin I"]
[Site "?"]
[Date "2022.07.02"]
[Round "9.1"]
[White "Schmidek, Emil"]
[Black "Degtiarev, Evgeny"]
[Result "1-0"]
[WhiteElo "2418"]
[BlackElo "2380"]
[PlyCount "65"]
[EventDate "2022.??.??"]

1. d4 Nf6 2. c4 g6 3. Nc3 d5 4. cxd5 Nxd5 5. e4 Nxc3 6. bxc3 Bg7 7. Nf3 O-O 8.
Be2 b6 9. O-O Bb7 10. Qc2 c5 11. d5 Qd6 12. Bb2 e5 13. a4 Nd7 14. a5 f5 15. Ng5
fxe4 16. Bg4 Bh6 17. Be6+ Kg7 18. Nxe4 Qe7 19. c4 Kh8 20. axb6 axb6 21. Rxa8
Bxa8 22. Qa4 Nf6 23. Bxe5 Bg7 24. Bd6 Qe8 25. Qc2 Nxe4 26. Bxf8 Qxf8 27. Qxe4
Bd4 28. Bd7 Bb7 29. Qe8 Kg7 30. Qxf8+ Kxf8 31. Rb1 Ba6 32. Bb5 Bb7 33. Re1 1-0